Technique Inazuma Eleven (saison 1-2-3-film) - Statistiques

Statistiques générales
  • Ce quiz a été pris 121 fois
  • Le résultat moyen est 12 sur 16
Statistiques - réponses
Par images Réponse % Correct
La montagne
98%
Blizzard éternel
92%
Arrêt céleste
84%
Tir pégase
82%
éclair pulverisant
81%
Aspir attaque
80%
Cercle d'épée
79%
Main de l'âme
78%
Supernova
75%
Tir solaire
67%
Bouclier d'énergie
65%
Carbonisation
59%
Cendre noir
55%
Méga séisme
55%
Attaque du paladin
53%
Doubles mâchoires
49%
Aucun quiz correspondant
Distribution des résultats
% des personnes avec chaque résultat
Percentile par nombre de réponses
Votre historique - résultats
Vous n’avez pas pris ce quiz